| 000 | 00484nam a22001817a 4500 | ||
|---|---|---|---|
| 008 | 170613b xxu||||| |||| 00| p tur d | ||
| 020 | _a9758059394 | ||
| 041 | _atur | ||
| 050 | _aPL234.O9446 | ||
| 100 |
_9265 _aNilay Özer |
||
| 245 |
_aZamana Dağılan Nar _cNilay Özer |
||
| 250 | _a1. baskı | ||
| 260 |
_aİstanbul _bHera Şiir Kitaplığı _cAralık 1999 |
||
| 300 | _a59 sayfa | ||
| 500 | _aŞiir 33 2 adet mevcuttur. | ||
| 650 | 0 |
_9145 _aTürk Edebiyatı |
|
| 942 |
_2lcc _cBK |
||
| 999 |
_c202 _d198 |
||